| 000 | 01246nam a2200313 4500 | ||
|---|---|---|---|
| 001 | 4416527 | ||
| 005 | 20150527155516.0 | ||
| 007 | 000 | ||
| 008 | 000 | ||
| 010 | _a 93038983 | ||
| 020 | _a0256126674 | ||
| 040 |
_aUOEL _cDLC _dDLC |
||
| 050 | 0 | 0 |
_aQA76.73.P2 _bS25 1994 |
| 082 | 0 | 0 |
_a005.26/2 _220 |
| 100 | 1 |
_aSalmon, W. _q(William) |
|
| 245 | 1 | 0 |
_aStructures and abstractions : _ban introduction to computer science with Turbo Pascal (5.x, 6.x, 7.0) / _cWilliam I. Salmon. |
| 250 | _a2nd ed. | ||
| 260 |
_aBurr Ridge, Ill. : _bIrwin, _cc1994. |
||
| 300 |
_axxiv, 815 p. : _bill. ; _c26 cm. + _e1 computer disk (3 1/2 in.) |
||
| 500 | _aSystem requirements for computer program disk (v. 1.1a): IBM compatible PC; DOS 3.1 or higher; Turbo Pascal 5.5 or higher. | ||
| 500 | _aIncludes index. | ||
| 630 | 0 | 0 | _aTurbo Pascal (Computer file) |
| 650 | 0 |
_aPascal (Computer program language) _xMathematics |
|
| 650 | 0 |
_aData structures (Computer science) _xMathematics |
|
| 650 | 0 |
_aAbstract data types (Computer science) _xMathematics |
|
| 906 |
_a7 _bcbc _corignew _d1 _eocip _f19 _gy-gencatlg |
||
| 942 |
_2lcc _cLL |
||
| 999 |
_c8933 _d8933 |
||